LEADER 00872nam a2200217 i 4500 001 000000241670 003 CaOOAMICUS 005 20150511000000.0 008 150511s1812 it u000 u ita u 013 $a220575 026 $ai-do i-n- ,os- alUn (3) 1812 (R) 040 $aSeMil$bita 245 10$aTomo 1. 300 $a279, [1] p. 500 $aSegn. : A-L12 M8. 773 0 $aAnguissola, Giovanni Battista$tStromenti che servirono alla passione di nostro signore Gesù Cristo Dissertazioni in forma di lettere dirette a varj suoi amici da Giovan. Battista Anguissola Tomo 1. [-3.].$dPiacenza : Coi tipi di Giuseppe Tedeschi, 1812-1814.$g1$w()31867 850 $aSeMil 852 $aSeMil$W1$xVenegono$y1$m3F I 197 FA$j192016$B192016$CSeMilBibl$Z2$F202806 $8I 941 1 $a10 961 $aRecupero: Mantegazza 996 $6245$aTomo 1$9(OLS)http://semarc/title/46685 LEADER 01158nam a2200253 i 4500 001 000000046354 003 CaOOAMICUS 005 20250430114449.0 008 090918s1938 xx u000 u fre u 013 $a17524 040 $aSeMil$bita 100 1 $aMadoz, Joseph,$c.$0(OLS)http://semarc/name/23028 245 13$aLe symbole du 11. Concile de Toléde :$bses sources, sa date, sa valeur /$cJoseph Madoz. 260 $aLouvain :$bSpicilegium Sacrum Lovaniense,$c1938. 300 $a223 p. ;$c26 cm. 490 0 $aSpicilegium Sacrum Lovaniense : études et documents ;$vFascicule19 650 4$aConcilio di Toledo I <400>.$0(OLS)http://semarc/subject/26634 650 4$aSimboli di fede.$0(OLS)http://semarc/subject/7501 830 0$aSpicilegium Sacrum Lovaniense ;$v19.$0(OLS)http://semarc/title/359 850 $aSeMil 852 $aSeMil$W1$xVenegono$y1$m2IA B 19$j256349$B12509$CSeMilBibl$Z2$F12509 $81 996 $6245$aLe symbole du 11. Concile de Toléde :$bses sources, sa date, sa valeur$9(OLS)http://semarc/title/69274 996 $6260$aLouvain :$bSpicilegium Sacrum Lovaniense$9(OLS)http://semarc/publisher/29756